书目信息 |
| 题名: |
马拉松实战宝典
|
|
| 作者: | 谭本 著 ;丛伟 译 | |
| 分册: | ||
| 出版信息: | 北京 中国水利水电出版社 2017.5 |
|
| 页数: | 215页 | |
| 开本: | 24cm | |
| 丛书名: | ||
| 单 册: | ||
| 中图分类: | G822.82 , G822.8 | |
| 科图分类: | ||
| 主题词: | 马拉松跑--运动训练--基本知识 | |
| 电子资源: | ||
| ISBN: | 978-7-5170-3484-1 | |
| 000 | 01037nam0 2200277 45 | |
| 001 | 012001001263 | |
| 005 | 20130911084318.0 | |
| 010 | @a978-7-5170-3484-1@dCNY59.00 | |
| 099 | @aCAL 012018008776 | |
| 100 | @a20171113d2017 em y0chiy0110 ea | |
| 101 | 1 | @achi@ceng |
| 102 | @aCN@b110000 | |
| 105 | @aa z 000yy | |
| 106 | @ar | |
| 200 | 1 | @a马拉松实战宝典@Ama la song shi zhan bao dian@f(新) Dr. Ben Tan著@g丛伟译 |
| 210 | @a北京@c中国水利水电出版社@d2017.5 | |
| 215 | @a215页@c彩图@d24cm | |
| 300 | @a马拉松比赛全指导 | |
| 330 | @a据统计,2014年中国约有7.5万人次完成全程马拉松,约11万人次完成半程马拉松,约60万人次参加相关活动。越来越多的人,愿意用自己的勇气和毅力去完成马拉松。但是,42.195公里的长跑,需要的不只这些,它更需要持续 的训练、科学的饮食、装备以及适当的比赛策略。 | |
| 606 | 0 | @a马拉松跑@x运动训练@x基本知识 |
| 690 | @aG822.82@v5 | |
| 690 | @aG822.8@v5 | |
| 701 | 1 | @a谭本@Atan ben@g(Tan, Ben)@4著 |
| 702 | 0 | @a丛伟@Acong wei@4译 |
| 801 | @aCN@b江苏凤凰@c20211018 | |
| 905 | @b1342825-8@dG822.82@e191@f4 | |
| 马拉松实战宝典/(新) Dr. Ben Tan著/丛伟译.-北京:中国水利水电出版社,2017.5 |
| 215页:彩图;24cm |
| 马拉松比赛全指导 |
| ISBN 978-7-5170-3484-1:CNY59.00 |
| 据统计,2014年中国约有7.5万人次完成全程马拉松,约11万人次完成半程马拉松,约60万人次参加相关活动。越来越多的人,愿意用自己的勇气和毅力去完成马拉松。但是,42.195公里的长跑,需要的不只这些,它更需要持续 的训练、科学的饮食、装备以及适当的比赛策略。 |
| ● |
| 相关链接 |
|
|
|
|
正题名:马拉松实战宝典
索取号:G822.82/191
 
预约/预借
| 序号 | 登录号 | 条形码 | 馆藏地/架位号 | 状态 | 备注 |
| 1 | 1342825 | 213428254 | 第一样本阅览室/ [索取号:G822.82/191] | 在馆 | |
| 2 | 1342826 | 213428263 | 第四借阅区/ [索取号:G822.82/191] | 在馆 | |
| 3 | 1342827 | 213428272 | 第四借阅区/ [索取号:G822.82/191] | 在馆 | |
| 4 | 1342828 | 213428281 | 第四借阅区/ [索取号:G822.82/191] | 在馆 |